000 00570nam a2200169Ia 4500
003 LDD
008 190117s9999 xx 000 0 und d
020 _a8185184070
_c₹200
040 _cLDD
041 _ahi
082 _a8H3.709 अ 6483 प्रे
100 _aअरोड़ा, राम स्वरूप
245 0 _a0.215
_cराम स्वरूप अरोड़ा
260 _aदिल्ली
_bिर्माण 1
_c1989
300 _a458प्र.
942 _2ddc
_cH
999 _c154588
_d154588